| 000 | 00669nam a2200217 a 4500 | ||
|---|---|---|---|
| 001 | BRL_1862 | ||
| 005 | 20190320211413.0 | ||
| 008 | 110815s1991----mx-ao#####---#000-0#spa-# | ||
| 041 | _aspa | ||
| 044 | _amx | ||
| 050 | 4 |
_aF12219.3R38 _b.T49 1991 |
|
| 245 | 1 | 0 | _aTextiles rituales indígenas de México |
| 260 |
_aSan Angel, México _bMuseo del Carmen _c1991 |
||
| 300 |
_a55 p. _bil. _c21 cm. |
||
| 500 | _aAu460 | ||
| 500 | _aCatálogo de la exposición realizada en el Museo de el Carmen (Ciudad de México), septiembre-octubre,1991. | ||
| 650 | 1 | 4 |
_aIndígenas de México _xRitos y ceremonias _92458 |
| 650 | 1 | 4 |
_aTelas _925185 |
| 902 | _aGRL | ||
| 942 |
_2lcc _cB |
||
| 999 |
_c10670 _d10670 |
||